000
00247nam a2200109Ia 4500
008
220204s9999 xx 000 0 und d
082
_a
82-3
_b
CLA
100
_a
Clavell, James
245
0
_a
King rat
260
_a
London
_b
Coronet
_c
1978
942
_c
BK
999
_c
33545
_d
33545